000 00597nam a2200193 a 4500
001 000010153
005 20240412074215.0
008 091005s1973 dr a r 000 p spa d
040 _aDO-SdBNP
_bspa
_cBNPHU
082 _aRD861.44
_bD542m
100 1 _aDíaz Stera, Maria de
_925149
245 1 0 _aMi Pucha cibaeña /
_cMaría Díaz de Stera.
260 _aSanto Domingo :
_bAmigo del Hogar,
_c1973.
300 _a81 p. :
_bil. ;
_c21 cm.
590 _aInventariado, 2018/BT
650 0 _aPoesía dominicana
_966
650 0 _aLiteratura dominicana.
_967
910 _aValidado. Control de calidad. MFF
999 _c9912
_d9912